| 000 | 00793nam a22002537a 4500 | ||
|---|---|---|---|
| 999 |
_c6517 _d6517 |
||
| 001 | 19555 | ||
| 003 | BD-DhUAP | ||
| 005 | 20210103153015.0 | ||
| 008 | 210103s2012 ii a|||| |||| 001 0 eng d | ||
| 010 | _a\\2001034368 | ||
| 020 | _a9788120346475 | ||
| 040 |
_aDLC _cDLC _dBD-DhUAP _bEng |
||
| 082 | 0 | 0 |
_a174.4 VEL _223 |
| 100 | 1 |
_aVelasquez, Manuel G. _931341 |
|
| 245 | 1 | 0 |
_aBusiness ethics : _bconcepts and cases / _cManuel G. Velasquez. |
| 250 | _a7th ed. | ||
| 260 |
_aNew Delhi : _bPHI Learning, _cc2012. |
||
| 300 |
_aviii, 496 pages : _billustrations ; _c25 cm. |
||
| 504 | _aIncludes bibliographical references and index. | ||
| 650 | 0 |
_aBusiness ethics. _931342 |
|
| 650 | 0 |
_aBusiness ethics _vCase studies. _931343 |
|
| 942 |
_2ddc _cBK |
||